| 000 | 00333nam a22001337a 4500 | ||
|---|---|---|---|
| 008 | 170608b xxu||||| |||| 00| 0 eng d | ||
| 020 | _a9780275976880 | ||
| 041 | _aeng | ||
| 080 | _a327 | ||
| 100 | _a18 | ||
| 101 | _aSHP | ||
| 245 |
_aDEMOCRACY ASIAN VALUES AND H ON KONG EVALUATING POLITICAL _cBELIEFS.E |
||
| 942 |
_2udc _cBK |
||
| 999 |
_c16537 _d16537 |
||